Дизайн и художественное оформление продуктовой хозяйственной сумки; Молодежь и современные информационные технологии

書誌詳細
Parent link:Молодежь и современные информационные технологии.— 2025.— С. 694-699
第一著者: Годунова А. Е.
その他の著者: Кухта М. С. Мария Сергеевна (научный руководитель)
要約:Данная статья рассматривает особенности дизайна и подбор цветового сочетания для хозяйственной сумки для пожилых людей, с учетом их возрастных физиологических изменений и предпочтений. В статье исследованы физиологические особенности цветового восприятия у пожилых людей и рассмотрена литература об их цветовых предпочтениях, также предложено проектное решение дизайна двух коробов хозяйственной сумки и два варианта колористических решений
Текстовый файл
言語:ロシア語
出版事項: 2025
主題:
オンライン・アクセス:http://earchive.tpu.ru/handle/11683/132169
フォーマット: MixedMaterials 電子媒体 図書の章
KOHA link:https://koha.lib.tpu.ru/cgi-bin/koha/opac-detail.pl?biblionumber=681266

MARC

LEADER 00000naa2a2200000 4500
001 681266
005 20250916120636.0
090 |a 681266 
100 |a 20250820d2025 k||y0rusy50 ca 
101 0 |a rus 
102 |a RU 
135 |a drbn ---uucaa 
200 1 |a Дизайн и художественное оформление продуктовой хозяйственной сумки  |f Годунова А. Е., Кухта М. С.  |g науч. рук. Кухта М. С. 
320 |a Список использованных источников: 10 назв 
330 |a Данная статья рассматривает особенности дизайна и подбор цветового сочетания для хозяйственной сумки для пожилых людей, с учетом их возрастных физиологических изменений и предпочтений. В статье исследованы физиологические особенности цветового восприятия у пожилых людей и рассмотрена литература об их цветовых предпочтениях, также предложено проектное решение дизайна двух коробов хозяйственной сумки и два варианта колористических решений 
336 |a Текстовый файл 
463 1 |0 681090  |9 681090  |t Молодежь и современные информационные технологии  |o сборник трудов XXII Международной научно-практической конференции студентов, аспирантов и молодых ученых, 15–17 апреля 2025 г., Томск  |f под ред. А. С. Беляева  |c Томск  |d 2025  |n Изд-во ТПУ  |u conference_tpu-2025-C04.pdf  |v С. 694-699 
545 1 |a Цифровой дизайн 
610 1 |a электронный ресурс 
610 1 |a труды учёных ТПУ 
610 1 |a хозяйственные сумки 
610 1 |a колористическое решение 
610 1 |a пожилые люди 
610 1 |a восприятие цвета 
700 1 |a Годунова  |b А. Е. 
701 1 |a Кухта  |b М. С.  |c специалист в области промышленного дизайна  |c профессор Томского политехнического университета, доктор философских наук  |f 1963-  |g Мария Сергеевна  |9 13457 
702 1 |a Кухта  |b М. С.  |c специалист в области промышленного дизайна  |c профессор Томского политехнического университета, доктор философских наук  |f 1963-  |g Мария Сергеевна  |4 727 
801 0 |a RU  |b 63413507  |c 20250820 
850 |a 63413507 
856 4 |u http://earchive.tpu.ru/handle/11683/132169  |z http://earchive.tpu.ru/handle/11683/132169 
942 |c CF